Missing Word: Madonna Quiz Stats

 Plays Quiz Updated Sep 25, 2012

Support Sporcle.
Go Orange.
Score 0/18 Timer 03:00
0 Plays Today
Hint Answer % Correct
Like a ____Prayer or Virgin
98.3%
Die Another ____Day
89.2%
Papa Don't ____Preach
89%
Open Your ____Heart
82.9%
Who's That ____Girl
80.1%
____ GirlMaterial
79.2%
Express ____Yourself
75.1%
La Isla ____Bonita
56.5%
Give Me All Your ____Luvin
48.3%
Hint Answer % Correct
Take a ____Bow
45.6%
True ____Blue
39.2%
This Used to Be My ____Playground
38.3%
____ StarLucky
37.7%
____ For YouCrazy
34.8%
Live to ____Tell
32.7%
____ My LoveJustify
31.3%
Into the ____Groove
24.3%
____ You UpDress
23.3%

Today's Daily Dose

Missing Word
'80s Musicals

Word Ladder
Hereditary

Get the Picture
Food Names

From the Vault

Word Spires: 'CL' and 'CR'

by BanjoZebra

This quiz is clearly creative.
Remove Ads.
Support Sporcle.
Get the best of Sporcle when you Go Orange. This ad-free experience offers more features, more stats, and more fun while also helping to support Sporcle. Thank you for becoming a member.

Show Comments

Extras

Top Quizzes Today


Score Distribution

Your Account Isn't Verified!

In order to create a playlist on Sporcle, you need to verify the email address you used during registration. Go to your Sporcle Settings to finish the process.

Report this User

Report this user for behavior that violates our Community Guidelines.

Details: